[Event "GER-chT U10"]
[Site "Magdeburg"]
[Date "2014.12.27"]
[Round "2.2"]
[White "Janssen, Mattis"]
[Black "Tonne, Tobias"]
[Result "1/2-1/2"]
[WhiteElo "600"]
[BlackElo "881"]
[PlyCount "116"]
[EventDate "2014.12.27"]
[EventType "team-swiss"]
[EventRounds "7"]
[EventCountry "GER"]
[SourceTitle "EXT 2016"]
[Source "ChessBase"]
[SourceDate "2015.10.08"]
[SourceVersion "1"]
[SourceVersionDate "2015.10.08"]
[SourceQuality "1"]
[WhiteTeam "Luebeck II"]
[BlackTeam "Leipzig Gruen Weiss III"]
[WhiteTeamCountry "GER"]
[BlackTeamCountry "GER"]

1. e4 e5 2. Nf3 Nc6 3. Bc4 Bc5 4. d3 Nf6 5. Bg5 h6 6. Bh4 g5 7. Bg3 d6 8. Nc3 Bg4 9. Nd5 Nd4 10. Nxf6+ Qxf6 11. h3 Bxf3 12. gxf3 Qxf3 13. Kd2 Qxd1+ 14. Raxd1 Rf8 15. h4 g4 16. f4 exf4 17. Bxf4 0-0-0 18. Rdf1 Rg8 19. Bxh6 Rg6 20. Bg5 g3 21. Rhg1 Nf3+ 22. Rxf3 Bxg1 23. Rxg3 Bf2 24. Rf3 Rh8 25. Bxf7 Rxg5 26. hxg5 Rh2 27. Be6+ Kd8 28. g6 Bd4+ 29. Ke1 Rxc2 30. Re3 Bxe3 31. g7 Rg2 32. g8Q+ Rxg8 33. Bxg8 Ke8 34. Ke2 Bh6 35. Kf3 Kf8 36. Bd5 b6 37. Kg4 Bg7 38. b3 c5 39. Kf5 Ke7 40. Kg6 Bd4 41. Kf5 b5 42. Kf4 a5 43. Bc6 b4 44. Kf3 Ke6 45. a4 Ke5 46. Ke2 Ke6 47. Kf3 Ke5 48. Bd5 Bc3 49. Kg4 Kd4 50. Kf5 Kxd3 51. Ke6 c4 52. bxc4 b3 53. c5 b2 54. c6 b1Q 55. c7 Qa1 56. c8Q Qxa4 57. Qc7 Qd4 58. Kxd6 Qe5+ 1/2-1/2